00553nam a2200169Ia 4500008004100000020001500041041000800056082001800064100002200082245002700104250000600131260006100137300002400198650002600222999001900248952011600267210716s1997 xx 000 0 und d a0072394668 aeng a658.1511 HILR aHilton, Ronald W. aManagerial accounting. a3 aNew DelhibTata McGraw Hill Publishing Company Ltdc1997 axxvii,1002,G-14I-12 aManagement Accounting c206045d206045 00102ddc40738MBAaAIMITbAIMITd2011-01-01l0o658.1511 HILRpMBA08611r2025-07-21 00:00:00w2021-07-16yBK